000 00556nam a2200193Ia 4500
005 20250508154913.0
008 008 250505s9999 xx 000 0 eng d
037 _aTextual
040 _aFEDL
_beng
_cFEDL
041 _aeng
_2eng
084 _a507, REN
_qFEDL
100 _aRenner John W
_9766354
245 0 _aTeaching science in the elementary school
260 _aNew York, USA
_bHarper and Row Publisher
_c1968
300 _aviii,359p
700 _a Rogan William B
_9766355
942 _cTEXL
_h507, REN
999 _c1352728
_d1352728